Chez les Atlantes: Teénérife, la Grande Canarie, Gomer, la Mer des Sargasses

Saved in:
Bibliografiske detaljer
Hovedforfatter: Couteaud, P. (Author)
Format: Bog
Sprog:fransk
Udgivet: París Société d'éditions géographiques, maritimes et coloniales 1928
Udgivelse:1a. ed
Fag:
Tags: Tilføj Tag
Ingen Tags, Vær først til at tagge denne postø!

MARC

LEADER 00000nam a2200000 a 4500
001 UCJ5615
003 CL-VaPUC
008 070124e19280000FR |||||||||||||||||fre|d
082 0 4 |a 910.4  |b COU  |2 21 
100 0 |a Couteaud, P.  |e author  |9 511026 
245 1 0 |a Chez les Atlantes: Teénérife, la Grande Canarie, Gomer, la Mer des Sargasses 
250 |a 1a. ed 
300 |a 283 p 
942 |c BK 
945 |d 20070124 00:00:00  |a rinostro 
260 |a París  |b Société d'éditions géographiques, maritimes et coloniales  |c 1928 
650 0 |a Viajes  |9 257115 
650 0 |a Geografía  |9 259346 
650 0 |a Cultura  |9 269059 
650 7 |a LEYENDAS  |2 CL-VaPUC  |9 265258 
651 7 |a ATLANTIDA  |2 CL-VaPUC  |9 317620 
651 7 |a CANARIAS  |2 CL-VaPUC  |9 443326 
651 7 |a TENERIFE  |2 CL-VaPUC  |9 511027 
583 |a last modification  |c 20070124 00:00:00  |k Rodrigo Vera 
999 |c 321724  |d 321722 
952 |0 0  |1 0  |4 0  |6 910_400000000000000_COU_1928  |7 0  |8 X  |9 400550  |a FDOBUD  |b FDOBUD  |d 2019-11-22  |i 1037102  |o 910.4 COU 1928  |p 1037102  |r 2019-11-22  |w 2019-11-22  |y BK_X  |k BUD